000 00805nam a2200253Ia 4500
003 OSt
005 20220928113555.0
006 a|||||r|||| 00| 0
007 ta
008 220927b |||||||| |||| 00| 0 eng d
024 _a58441
037 _cTextual
040 _aSDCL
_cSDCL
_beng
041 _2eng
_aeng
082 _aV592'L, M5
100 _aMaczak Antoni Ed.
_9433910
245 0 _aEast-central Europe in transition
_b From the fourteenth to the seventeeth century.
260 _aCambridge
_bCambridge University Press
_c1985
300 _avii,207p.
_ccm.
700 _a Burke Peter Ed.
_9433911
700 _a Samsonowicz Henryk Ed.
_9433912
942 _hV592'L, M5
_cTEXL
_2CC
999 _c750313
_d750313